Space curves : proceedings of a conference, held in Rocca di Papa, Italy, June 3-8, 1985
Αποθηκεύτηκε σε:
| Συγγραφή απο Οργανισμό/Αρχή: | |
|---|---|
| Άλλοι συγγραφείς: | , , |
| Μορφή: | Βιβλίο |
| Γλώσσα: | English |
| Δημοσίευση: |
Berlin :
Springer-Verlag,
c1987
|
| Σειρά: | Lecture notes in mathematics (Springer-Verlag)
; 1266 |
| Θέματα: | |
| Ετικέτες: |
Προσθήκη ετικέτας
Δεν υπάρχουν, Καταχωρήστε ετικέτα πρώτοι!
|
MARC
| LEADER | 00000cam a2200000 i 4500 | ||
|---|---|---|---|
| 001 | 1/27197 | ||
| 008 | 941103s1987 eng d | ||
| 020 | |a 3-540-18020-6 | ||
| 035 | |a 1993 |l 10037768 | ||
| 040 | |a GR-MY-UA |b gre |e aacr | ||
| 041 | 0 | |a eng | |
| 082 | 0 | |a 516.35 | |
| 245 | 1 | 0 | |a Space curves : |b proceedings of a conference, held in Rocca di Papa, Italy, June 3-8, 1985 / |c F. Ghione, C. Peskine, E. Sernesi (eds.) |
| 260 | |a Berlin : |b Springer-Verlag, |c c1987 | ||
| 300 | |a 272 p.; |c 25 cm. | ||
| 490 | 1 | |a Lecture notes in mathematics (Springer-Verlag) |v ; 1266 | |
| 500 | |a Organized by the II Universita di Roma | ||
| 500 | |a Includes bibliographical references | ||
| 650 | 0 | 0 | |a Curves, Algebraic |x Congresses. |
| 650 | 0 | 0 | |a Projective spaces |x Congresses. |
| 700 | 1 | |a Ghione, F. |q (Franco) |d 1946- |e edt | |
| 700 | 1 | |a Peskine, Christian, |e edt | |
| 700 | 1 | |a Sernesi, E. |q (Edoardo) |e edt | |
| 710 | 2 | |a II Universita degli studi di Roma. | |
| 830 | 0 | |a Lecture notes in mathematics (Springer-Verlag) |v ; 1266 | |
| 852 | |a INST |b SAMOS |e 19941103 |h 516.35 SPA |p 005300007746 |q 005300007746 |t BK |y 0 | ||
| 909 | |a Σ |b 029130 | ||